000 00356nam a2200157 i 4500
001 bg
245 0 _aFizika żidkogo sostojanija.
250 _aVyp. 6.
260 _aKiev :
_b"Visca Skola",
_c1978.
300 _as. 113, nlb. 1 :
_brys.
040 _cBPK
041 _apol
080 _a532
942 _cKS
008 s pl f |000 0 pol
999 _c17985
_d17985
856 _uhttp://koha.tu.koszalin.pl/cgi-bin/koha/opac-detail.pl?biblionumber=17985
_yKatalog online BPK